000 00591nam a2200241Ia 4500
003 0100
008 130303s9999 xx 000 0 und d
020 _a0534093604
040 _cARRUPELIB
050 _aBJ1012.E8839 1988
100 _aPojman, Louis P.
245 _aEthical theory
245 _bclassical and contemporary readings
260 _aCarlifonia
260 _bWadsworth
260 _C1988
300 _a665p.
300 _b 24cm.
650 _bReligion--Philosophy
650 _cReligion & politics
650 _dReligion and social problems
942 _2lcc
_03
999 _c65653
_d65653